[Event "Titled Tuesday intern op 09th Jul Early"]
[Site "Chess.com INT"]
[Date "2024.07.09"]
[Round "7"]
[White "Hernandez Guerrero, Gilberto Eduardo"]
[Black "Zhukov, Ivan"]
[Result "1-0"]
[WhiteElo "2506"]
[BlackElo "2044"]
[PlyCount "63"]
[EventDate "2024.07.09"]
[EventType "swiss (blitz)"]
[EventRounds "11"]
[EventCountry "USA"]
[SourceTitle "EXT 2025"]
[Source "ChessBase"]
[SourceDate "2024.10.14"]
[SourceVersion "1"]
[SourceVersionDate "2024.10.14"]
[SourceQuality "1"]

1. e4 c5 2. Nc3 Nc6 3. Bb5 Nd4 4. Bc4 g6 5. Nf3 Bg7 6. Nxd4 cxd4 7. Qf3 e6 8. Nb5 d6 9. Qa3 Bf8 10. Nxd4 d5 11. Bb5+ Bd7 12. Qa4 dxe4 13. 0-0 Bg7 14. Bxd7+ Qxd7 15. Nb5 Kf8 16. Qb4+ Ne7 17. a4 a6 18. Nc3 f5 19. d3 exd3 20. Rd1 Kf7 21. Rxd3 Qc6 22. Bg5 Bf6 23. Bxf6 Kxf6 24. Rd6 Qc7 25. Re1 Kf7 26. Rdxe6 Nc6 27. Qc4 Kg7 28. Nd5 Qf7 29. Qc3+ Kh6 30. R1e3 Rhd8 31. Rh3+ Kg5 32. Qg3# 1-0

[Event "Titled Tuesday intern op 09th Jul Early"]
[Site "Chess.com INT"]
[Date "2024.07.09"]
[Round "11"]
[White "Leve, Nitai D"]
[Black "Zhukov, Ivan"]
[Result "0-1"]
[WhiteElo "2128"]
[BlackElo "2044"]
[PlyCount "54"]
[EventDate "2024.07.09"]
[EventType "swiss (blitz)"]
[EventRounds "11"]
[EventCountry "USA"]
[SourceTitle "EXT 2025"]
[Source "ChessBase"]
[SourceDate "2024.10.14"]
[SourceVersion "1"]
[SourceVersionDate "2024.10.14"]
[SourceQuality "1"]

1. e4 c5 2. Nf3 d6 3. d4 cxd4 4. Qxd4 Nc6 5. Bb5 Bd7 6. Bxc6 bxc6 7. Nc3 e5 8. Qd3 Be7 9. Be3 Nf6 10. 0-0-0 Qc7 11. h3 0-0 12. g4 Rfb8 13. g5 Ne8 14. Nxe5 Be6 15. Nf3 Qb7 16. b3 Qb4 17. Nd4 Bd7 18. Nf5 Bf8 19. h4 a5 20. a4 d5 21. exd5 Bxf5 22. Qxf5 Qxc3 23. Bd4 Ba3+ 24. Kb1 Rxb3+ 25. cxb3 Qxb3+ 26. Ka1 Qxa4 27. Bb2 Rb8 0-1

[Event "Titled Tuesday intern op 09th Jul Early"]
[Site "Chess.com INT"]
[Date "2024.07.09"]
[Round "10"]
[White "Zheenbekov, Nurgazi"]
[Black "Zhukov, Ivan"]
[Result "1-0"]
[WhiteElo "2124"]
[BlackElo "2044"]
[PlyCount "75"]
[EventDate "2024.07.09"]
[EventType "swiss (blitz)"]
[EventRounds "11"]
[EventCountry "USA"]
[SourceTitle "EXT 2025"]
[Source "ChessBase"]
[SourceDate "2024.10.14"]
[SourceVersion "1"]
[SourceVersionDate "2024.10.14"]
[SourceQuality "1"]

1. e4 c5 2. Nf3 d6 3. Bb5+ Nd7 4. a4 a6 5. Bc4 e6 6. 0-0 Ngf6 7. Re1 Be7 8. c3 Ne5 9. Ba2 Nxf3+ 10. Qxf3 0-0 11. d3 b5 12. Nd2 Bb7 13. Qe2 b4 14. cxb4 cxb4 15. Nc4 d5 16. exd5 Nxd5 17. Ne5 Bf6 18. Bc4 a5 19. h3 Rc8 20. Bd2 Qc7 21. Rac1 Qxe5 22. Qxe5 Bxe5 23. Rxe5 Rc7 24. b3 Rfc8 25. Rce1 h6 26. h4 Rc6 27. h5 Rd6 28. g4 Nf6 29. g5 hxg5 30. Rxg5 Bd5 31. Bf4 Rd7 32. Be5 Kh7 33. Re3 Bxc4 34. dxc4 Ne8 35. Bg3 Ra8 36. Ree5 Rda7 37. Rb5 Nd6 38. Bxd6 1-0

[Event "Titled Tuesday intern op 02nd Jul Early"]
[Site "Chess.com INT"]
[Date "2024.07.02"]
[Round "6"]
[White "Rizzo, Tobias"]
[Black "Zhukov, Ivan"]
[Result "1-0"]
[WhiteElo "1978"]
[BlackElo "2044"]
[PlyCount "55"]
[EventDate "2024.07.02"]
[EventType "swiss (blitz)"]
[EventRounds "11"]
[EventCountry "USA"]
[SourceTitle "EXT 2025"]
[Source "ChessBase"]
[SourceDate "2024.10.14"]
[SourceVersion "1"]
[SourceVersionDate "2024.10.14"]
[SourceQuality "1"]

1. d4 Nf6 2. Bg5 Ne4 3. h4 Nxg5 4. hxg5 e6 5. Nf3 d5 6. e3 Be7 7. g6 fxg6 8. Bd3 0-0 9. Ne5 Nd7 10. Rxh7 Nxe5 11. dxe5 Bg5 12. Bxg6 Bh6 13. Qh5 Qe7 14. Qxh6 Qb4+ 15. c3 gxh6 16. cxb4 a5 17. b5 c6 18. Nc3 cxb5 19. Nxb5 b6 20. Kd2 Ba6 21. Nd6 Rad8 22. Ra7 Rxf2+ 23. Kc3 Be2 24. Rh1 h5 25. Bf7+ Kf8 26. Bxh5 Bf1 27. Bf3 Bxg2 28. Rh8# 1-0

[Event "Titled Tuesday intern op 02nd Jul Early"]
[Site "Chess.com INT"]
[Date "2024.07.02"]
[Round "9"]
[White "Silva, Lucas"]
[Black "Zhukov, Ivan"]
[Result "1/2-1/2"]
[WhiteElo "2248"]
[BlackElo "2044"]
[PlyCount "99"]
[EventDate "2024.07.02"]
[EventType "swiss (blitz)"]
[EventRounds "11"]
[EventCountry "USA"]
[SourceTitle "EXT 2025"]
[Source "ChessBase"]
[SourceDate "2024.10.14"]
[SourceVersion "1"]
[SourceVersionDate "2024.10.14"]
[SourceQuality "1"]

1. e4 c5 2. Nf3 d6 3. d4 cxd4 4. Nxd4 Nf6 5. Nc3 a6 6. Qe2 e5 7. Nf5 Bxf5 8. exf5 Nc6 9. g4 Nd4 10. Qd1 Be7 11. Be3 Nc6 12. Bg2 h6 13. 0-0 0-0 14. h3 Rc8 15. Qe2 d5 16. Rad1 d4 17. g5 hxg5 18. Bxg5 Qc7 19. Bxf6 dxc3 20. Bxe7 Qxe7 21. bxc3 Qf6 22. Qg4 Rfd8 23. Rd3 Ne7 24. Bxb7 Rxd3 25. cxd3 Rxc3 26. Be4 g6 27. fxg6 Nxg6 28. Rb1 Rc2 29. Qg3 Rxa2 30. Bxg6 Qxg6 31. Qxg6+ fxg6 32. Rb6 Kf7 33. Kg2 a5 34. Ra6 a4 35. Kg3 a3 36. f4 exf4+ 37. Kxf4 Ra1 38. Ke3 a2 39. Kd4 g5 40. Kd5 Rd1 41. Rxa2 Rxd3+ 42. Ke5 Rxh3 43. Kf5 Rg3 44. Ra7+ Kf8 45. Ra8+ Ke7 46. Ra7+ Kd6 47. Ra6+ Kd5 48. Rg6 Rg1 49. Rxg5 Rxg5+ 50. Kxg5 1/2-1/2

[Event "Titled Tuesday intern op 02nd Jul Early"]
[Site "Chess.com INT"]
[Date "2024.07.02"]
[Round "4"]
[White "Zhukov, Ivan"]
[Black "Rangel, Daniel"]
[Result "1-0"]
[WhiteElo "2044"]
[BlackElo "2193"]
[PlyCount "105"]
[EventDate "2024.07.02"]
[EventType "swiss (blitz)"]
[EventRounds "11"]
[EventCountry "USA"]
[SourceTitle "EXT 2025"]
[Source "ChessBase"]
[SourceDate "2024.10.14"]
[SourceVersion "1"]
[SourceVersionDate "2024.10.14"]
[SourceQuality "1"]

1. e4 c5 2. Nf3 d6 3. d4 cxd4 4. Nxd4 Nf6 5. Nc3 a6 6. Be3 e6 7. f3 Be7 8. a4 Nc6 9. Qd2 Qc7 10. Be2 Ne5 11. 0-0 Nc4 12. Bxc4 Qxc4 13. b3 Qc7 14. Nce2 b6 15. c4 Bb7 16. Nc3 0-0 17. Rac1 Rfe8 18. Rfd1 g6 19. Bf2 Bf8 20. Nde2 Nd7 21. Qe1 Nc5 22. Rb1 Rad8 23. b4 Nd7 24. Rbc1 Ne5 25. Nd4 Nxc4 26. Qf1 d5 27. exd5 exd5 28. b5 a5 29. Qd3 Bc5 30. Qb1 Qf4 31. Nce2 Qf6 32. Qa2 Ne3 33. Rd3 Nf5 34. Nxf5 Bxf2+ 35. Kxf2 Qxf5 36. Rcd1 Re7 37. Nd4 Qh5 38. Kg1 Rde8 39. Qf2 Qg5 40. Nc6 Re2 41. Qg3 Qf6 42. Qc7 Qb2 43. Qg3 Qc2 44. Nd4 Re1+ 45. Rxe1 Rxe1+ 46. Qxe1 Qxd3 47. Qe8+ Kg7 48. Qe5+ f6 49. Qc7+ Kh6 50. Qf4+ g5 51. Qxf6+ Qg6 52. Nf5+ Kh5 53. g4# 1-0

[Event "Titled Tuesday intern op 25th Jun Early"]
[Site "Chess.com INT"]
[Date "2024.06.25"]
[Round "6"]
[White "Menahem, Adi"]
[Black "Zhukov, Ivan"]
[Result "1/2-1/2"]
[WhiteElo "2228"]
[BlackElo "2044"]
[PlyCount "76"]
[EventDate "2024.06.25"]
[EventType "swiss (blitz)"]
[EventRounds "11"]
[EventCountry "USA"]
[SourceTitle "EXT 2025"]
[Source "ChessBase"]
[SourceDate "2024.10.14"]
[SourceVersion "1"]
[SourceVersionDate "2024.10.14"]
[SourceQuality "1"]

1. c4 Nf6 2. Nc3 g6 3. d4 Bg7 4. g3 d6 5. Bg2 0-0 6. Nf3 Nc6 7. 0-0 Bd7 8. b3 a5 9. Bb2 Re8 10. d5 Nb4 11. a3 Na6 12. Qc2 e5 13. dxe6 Bxe6 14. e4 Nc5 15. Rfe1 Bg4 16. Nd2 Bd7 17. b4 axb4 18. axb4 Rxa1 19. Bxa1 Ne6 20. Qd3 Bc6 21. Nd5 Ng5 22. f4 Ne6 23. Nb3 Bd7 24. e5 dxe5 25. Bxe5 Nxd5 26. cxd5 Ng5 27. Qd2 Nh3+ 28. Bxh3 Bxh3 29. Bxg7 Rxe1+ 30. Qxe1 Kxg7 31. Qe5+ Kg8 32. Nc5 Qa8 33. Ne4 Qa7+ 34. Nf2 Qb6 35. Qe8+ Kg7 36. Qe5+ Kg8 37. Qe8+ Kg7 38. Qe5+ Kg8 1/2-1/2

[Event "Titled Tuesday intern op 25th Jun Early"]
[Site "Chess.com INT"]
[Date "2024.06.25"]
[Round "10"]
[White "Sultanbek, Zeinep"]
[Black "Zhukov, Ivan"]
[Result "1/2-1/2"]
[WhiteElo "2112"]
[BlackElo "2044"]
[PlyCount "236"]
[EventDate "2024.06.25"]
[EventType "swiss (blitz)"]
[EventRounds "11"]
[EventCountry "USA"]
[SourceTitle "EXT 2025"]
[Source "ChessBase"]
[SourceDate "2024.10.14"]
[SourceVersion "1"]
[SourceVersionDate "2024.10.14"]
[SourceQuality "1"]

1. Nf3 Nf6 2. g3 g6 3. Bg2 Bg7 4. 0-0 0-0 5. d4 d6 6. c4 Nc6 7. Nc3 Bd7 8. Bf4 a6 9. Qd2 Na5 10. b3 c5 11. d5 b5 12. Bh6 b4 13. Na4 Bxa4 14. bxa4 Nxc4 15. Qc1 Nb6 16. Bxg7 Kxg7 17. Rd1 Nbxd5 18. Nh4 e6 19. Qb2 Kg8 20. Rd2 c4 21. Rd4 c3 22. Qb3 a5 23. Rad1 Qc7 24. Qc2 Rad8 25. Nf3 Nb6 26. e4 e5 27. R4d3 Qc6 28. Ne1 Qxa4 29. Qe2 Nc4 30. Rf3 Nxe4 31. Qxc4 Qxd1 32. Qxe4 c2 33. Qxc2 Qxe1+ 34. Bf1 Rc8 35. Qd3 Rc1 36. Re3 Qd1 37. Qa6 d5 38. Rxe5 d4 39. Kg2 Rd8 40. Bc4 Rxc4 41. Qxc4 d3 42. Re7 Rf8 43. Rd7 d2 44. Qf4 Qc1 45. Rxd2 Rc8 46. h4 Qc6+ 47. Kh2 h5 48. Rd6 Qc7 49. Qd4 Re8 50. Rd7 Qe5 51. Qc4 Qf5 52. Qd4 Kh7 53. Kg2 Re4 54. Qd3 Re1 55. Qxf5 gxf5 56. Rxf7+ Kg6 57. Ra7 Ra1 58. Rxa5 b3 59. Rb5 bxa2 60. Ra5 Kf6 61. Kh2 Ke6 62. Kg2 Kd6 63. Kh2 Kc6 64. Kg2 Kb6 65. Ra8 Kb5 66. Kh2 Kb4 67. Kg2 Kc3 68. Rc8+ Kb3 69. Rb8+ Kc2 70. Rc8+ Kd3 71. Rd8+ Ke4 72. Re8+ Kd5 73. Ra8 f4 74. gxf4 Ke4 75. Ra4+ Kf5 76. f3 Kf6 77. Ra5 Kg6 78. f5+ Kf6 79. f4 Kf7 80. Ra6 Ke7 81. f6+ Kf7 82. f5 Kf8 83. Ra7 Ke8 84. f7+ Kf8 85. f6 Re1 86. Rxa2 Kxf7 87. Ra6 Re6 88. Ra5 Kg6 89. Rg5+ Kh6 90. f7 Rf6 91. Kg3 Rxf7 92. Re5 Rd7 93. Rg5 Rd3+ 94. Kg2 Rd4 95. Kg3 Rd3+ 96. Kg2 Rd6 97. Kg3 Ra6 98. Kg2 Ra4 99. Kg3 Ra3+ 100. Kg2 Rb3 101. Kh2 Re3 102. Kg2 Re4 103. Kg3 Ra4 104. Kh3 Rb4 105. Kg3 Rb6 106. Kh3 Rg6 107. Rxg6+ Kxg6 108. Kg3 Kf5 109. Kh3 Kf4 110. Kh2 Kg4 111. Kg2 Kxh4 112. Kh2 Kg4 113. Kg2 h4 114. Kh2 h3 115. Kg1 Kh4 116. Kh1 Kg3 117. Kg1 h2+ 118. Kh1 Kh3 1/2-1/2

[Event "Titled Tuesday intern op 25th Jun Early"]
[Site "Chess.com INT"]
[Date "2024.06.25"]
[Round "4"]
[White "Zhukov, Ivan"]
[Black "Carrasco Miranda, Andres"]
[Result "1-0"]
[WhiteElo "2044"]
[BlackElo "2224"]
[PlyCount "83"]
[EventDate "2024.06.25"]
[EventType "swiss (blitz)"]
[EventRounds "11"]
[EventCountry "USA"]
[SourceTitle "EXT 2025"]
[Source "ChessBase"]
[SourceDate "2024.10.14"]
[SourceVersion "1"]
[SourceVersionDate "2024.10.14"]
[SourceQuality "1"]

1. e4 e5 2. Nf3 Nc6 3. Bc4 Bc5 4. c3 Nf6 5. d3 d6 6. 0-0 a5 7. a4 Ba7 8. Bb3 0-0 9. h3 Be6 10. Bc2 Ne7 11. Nbd2 Ng6 12. Re1 c6 13. Nf1 h6 14. Ng3 Qc7 15. Nf5 d5 16. N3h4 Nxh4 17. Nxh4 Rad8 18. Qf3 Nh7 19. Nf5 Ng5 20. Qh5 Bxf5 21. exf5 f6 22. h4 Nf7 23. Qg6 Nh8 24. Qg4 Kh7 25. Be3 Bxe3 26. Rxe3 d4 27. Rg3 Rf7 28. Bb3 Re7 29. Re1 Qb6 30. Be6 Qxb2 31. c4 b5 32. cxb5 cxb5 33. axb5 a4 34. Bc4 a3 35. Qe2 Ra8 36. Rg4 Nf7 37. Qf3 Ra4 38. Bxf7 Rxf7 39. Qd5 Re7 40. Qd8 Qb4 41. Rc1 a2 42. Rc8 1-0

[Event "Titled Tuesday intern op 25th Jun Early"]
[Site "Chess.com INT"]
[Date "2024.06.25"]
[Round "7"]
[White "Zhukov, Ivan"]
[Black "Deveci, Huseyin Said"]
[Result "0-1"]
[WhiteElo "2044"]
[BlackElo "2267"]
[PlyCount "80"]
[EventDate "2024.06.25"]
[EventType "swiss (blitz)"]
[EventRounds "11"]
[EventCountry "USA"]
[SourceTitle "EXT 2025"]
[Source "ChessBase"]
[SourceDate "2024.10.14"]
[SourceVersion "1"]
[SourceVersionDate "2024.10.14"]
[SourceQuality "1"]

1. e4 c5 2. Nf3 e6 3. d4 cxd4 4. Nxd4 a6 5. c4 Nc6 6. Nxc6 bxc6 7. Bd3 Nf6 8. Nc3 d5 9. cxd5 cxd5 10. exd5 Nxd5 11. Nxd5 Qxd5 12. 0-0 Bb7 13. f3 Bc5+ 14. Kh1 0-0 15. Be4 Qxd1 16. Rxd1 Bxe4 17. fxe4 Rfd8 18. Bf4 Bd4 19. Bc7 Bxb2 20. Rxd8+ Rxd8 21. Rb1 Rd2 22. Bf4 Re2 23. h3 h6 24. Bd6 e5 25. a4 Bd4 26. Rb8+ Kh7 27. Ra8 Rxe4 28. Rxa6 Re2 29. Rc6 e4 30. Rc4 Bb6 31. Rc6 Rb2 32. Be5 Rb1+ 33. Kh2 e3 34. Bc3 e2 35. a5 Bf2 36. a6 e1Q 37. Bxe1 Rxe1 38. Rc7 Kg6 39. a7 Ra1 40. Rc6+ f6 0-1

[Event "Titled Tuesday intern op 25th Jun Early"]
[Site "Chess.com INT"]
[Date "2024.06.25"]
[Round "9"]
[White "Zhukov, Ivan"]
[Black "Wang, Lidong"]
[Result "1/2-1/2"]
[WhiteElo "2044"]
[BlackElo "2128"]
[PlyCount "85"]
[EventDate "2024.06.25"]
[EventType "swiss (blitz)"]
[EventRounds "11"]
[EventCountry "USA"]
[SourceTitle "EXT 2025"]
[Source "ChessBase"]
[SourceDate "2024.10.14"]
[SourceVersion "1"]
[SourceVersionDate "2024.10.14"]
[SourceQuality "1"]

1. e4 e6 2. d4 d5 3. Nd2 Nf6 4. e5 Nfd7 5. Bd3 c5 6. c3 Nc6 7. Ne2 cxd4 8. cxd4 f6 9. exf6 Nxf6 10. Nf3 Bd6 11. Bf4 0-0 12. Bxd6 Qxd6 13. 0-0 Bd7 14. Rc1 Rae8 15. Bb1 e5 16. dxe5 Nxe5 17. Nxe5 Qxe5 18. Nd4 Ng4 19. g3 Qf6 20. Qd3 Qh6 21. h4 Ne5 22. Qb3 Kh8 23. Rc7 Qd2 24. Qc2 Qxc2 25. Bxc2 Bc8 26. Re1 Nc4 27. Rxe8 Rxe8 28. b3 Nd6 29. Rc5 Ne4 30. Rxd5 Nc3 31. Rh5 h6 32. a4 b6 33. Bf5 Bb7 34. f3 Ne2+ 35. Nxe2 Rxe2 36. Be4 Bxe4 37. fxe4 Rxe4 38. Rb5 Re2 39. a5 bxa5 40. Rxa5 Rb2 41. Rxa7 Rxb3 42. Kg2 Kh7 43. Ra6 1/2-1/2

[Event "Titled Tuesday intern op 18th Jun Early"]
[Site "Chess.com INT"]
[Date "2024.06.18"]
[Round "10"]
[White "Thet, Naung"]
[Black "Zhukov, Ivan"]
[Result "1-0"]
[WhiteElo "2270"]
[BlackElo "2044"]
[PlyCount "115"]
[EventDate "2024.06.18"]
[EventType "swiss (blitz)"]
[EventRounds "11"]
[EventCountry "USA"]
[SourceTitle "EXT 2025"]
[Source "ChessBase"]
[SourceDate "2024.10.14"]
[SourceVersion "1"]
[SourceVersionDate "2024.10.14"]
[SourceQuality "1"]

1. d4 Nf6 2. c4 g6 3. Nc3 Bg7 4. Nf3 d6 5. e3 0-0 6. Be2 c5 7. 0-0 Na6 8. b3 Nc7 9. Bb2 a6 10. Rc1 Rb8 11. Qc2 b6 12. Rfd1 Bb7 13. d5 Ba8 14. e4 b5 15. Re1 b4 16. Nb1 a5 17. Nbd2 Bb7 18. Bd3 Bc8 19. e5 Nfe8 20. Ne4 Bf5 21. Ng3 Bxd3 22. Qxd3 e6 23. dxe6 Nxe6 24. Rcd1 dxe5 25. Bxe5 Qxd3 26. Rxd3 Rc8 27. Ne4 Bxe5 28. Nxe5 f6 29. Nd7 Rf7 30. Nb6 Rb8 31. Na4 Rc8 32. g3 f5 33. Nexc5 Nxc5 34. Nxc5 Rxc5 35. Rxe8+ Kg7 36. f4 a4 37. Rb8 Re7 38. Kf2 axb3 39. axb3 Ra5 40. Rd2 Ra1 41. Rxb4 Ree1 42. Rc2 Rf1+ 43. Ke3 Rad1 44. Rb7+ Kf6 45. Rb6+ Ke7 46. c5 Rfe1+ 47. Re2 Rf1 48. b4 Kd7 49. Rd2+ Rxd2 50. Kxd2 Rf2+ 51. Kd3 Rxh2 52. b5 Rg2 53. Rb7+ Kc8 54. c6 Rxg3+ 55. Kc4 Rf3 56. Rxh7 Rxf4+ 57. Kc5 Re4 58. Rh8+ 1-0